Spider-Man Multiple Choice Quiz - Statistics

General Stats
  • This quiz has been taken 283 times
  • The average score is 17 of 20
Answer Stats
Question Answer % Correct
What is Spider-Man’s real name? Peter Parker
99%
What radioactive creature bit Peter Parker? A spider
98%
What is Spider-Man’s Aunt’s name? Aunt May
98%
What’s the name of Peter Parker’s uncle whose death inspires him to be a hero? Uncle Ben
98%
Which villain uses mechanical tentacles? Doctor Octopus
97%
What newspaper does Peter Parker work for? Daily Bugle
96%
Which villain runs Oscorp? Norman Osborn
96%
Which villain is a master of illusions? Mysterio
95%
Who was Peter Parker’s first publisher boss at the Daily Bugle? J. Jonah Jameson
90%
Who is Peter Parker’s best friend in most stories? Harry Osborn
88%
What MCU movie was Spider-Man’s first appearance? Captain America: Civil War
86%
Which villain hunts Spider-Man for sport? Kraven the Hunter
83%
What futuristic Spider-Man lives in the year 2099? Miguel O’Hara
81%
What is Spider-Man’s symbiote black suit originally? Alien costume
78%
Who is Spider-Man’s most famous enemy? Green Goblin
78%
Which symbiote is the offspring of Venom? Carnage
77%
Who killed Gwen Stacy in the comics? Green Goblin
77%
In Spider-Man: No Way Home (2021), which spell causes the multiverse to break open? Memory wipe spell
77%
Which alternate universe Spider-Man is a pig? Spider-Ham
67%
Who becomes the Scarlet Spider after Peter Parker? Ben Reilly
64%
No matching quizzes found
Score Distribution
Percent of People with Each Score
Percentile by Number Answered
Your Score History
You have not taken this quiz